Statistiques concernant La mythologie grecque - Les noms en C

Cliquez ici pour prendre le quiz!

Statistiques générales

  • Ce quiz a été pris 387 fois
  • Le résultat moyen est 11 sur 26

Statistiques - réponses

IndiceRéponse% Correct
Il garde les EnfersCerbère
94%
Frère jumeau de PolluxCastor
83%
Titan, père de six des OlympiensCronos
81%
Il navigue sur le StyxCharon
80%
Magicienne ayant transformé les compagnons d'Ulysse en porcsCircé
79%
Monstre possédant une tête de lion, une tête de chèvre et une tête de serpentChimère
76%
Elle est amoureuse d'UlysseCalypso
75%
Centaure ayant éduqué de nombreux hérosChiron
71%
Monstre marin pouvant engloutir des naviresCharybde
58%
Prêtresse aux pouvoirs divinatoires, condamnée à n'être crue par personneCassandre
57%
Divinité primordialeChaos
52%
Muse de l'HistoireClio
41%
Épouse d'Agamemnon, ayant assassiné ce dernierClytemnestre
34%
Muse de la poésie épiqueCalliope
33%
Déesse de la neigeChioné
30%
Nymphe changée en ourse et transformée en constellationCallisto
25%
Titan de l'intellect et des constellationsCéos
22%
Frère de Jocaste et oncle d'ŒdipeCréon
22%
Titan de l'astronomieCrios
21%
L'un des trois HécatonchiresCottos
19%
Déesse primordiale des mers, fille de Pontos et GaiaCéto
14%
Devin qui prédit l'importance d'Achille dans la guerre de TroieCalchas
8%
L'un des fils de BoréeCalaïs
6%
Femme enlevée par AgamemnonChryséis
6%
Déesse-mère associée à la natureCybèle
4%
Guerrier réputé invulnérable, tué par Achille lors de la guerre de TroieCygnos
2%

Distribution des résultats

Percentile par nombre de réponses

% des personnes avec chaque résultat

Votre développement - résultats

Vous n’avez pas pris ce quiz